000 01453nam0a22002771 4500
001 RU\NLR\INFOCOMM_161\5000058825
005 20260406110513.0
035 _a(NLR Aleph) 009158627
090 _a8439886
_c8439886
100 _a20100130d1977 |||y0rusy50 ca
101 1 _afre
_crus
102 _aRU
105 _aa ||||000|y
200 1 _aSur le projet de Constitution (Loi fondamentale) de l'Union des Républiques Socialistes Soviétiques et le bilan de la discussion nationale
_eRapport à la 7-e Sess. (extraordinaire) du Soviet Suprême de l'U. R. S. S. de la neuvième législature du 4 oct. 1977
_fL. I. Brejnev
210 _aΜ.
_cÉd. de l'Agence de presse "Novosti"
_d1977
215 _a40 с.
_cпортр.
_d16 см
300 _aВ вып. дан.: Л. И. Брежнев. О проекте Конституции (Основного закона) Союза Советских Социалистических Республик и итогах его всенародного обсуждения
604 _150010$aКонституция$n1977$xПроект$2nlr_sh1
_171001$aСССР$4070
_tКонституция
_xПроект
_aСССР
686 _aХ620.113.011
_2rubbk
700 1 _4070
_8rus
_7ca
_aBrežnev
_bL. I.
_f1906-1982
_gLeonid Il'ič
_3RU\NLR\AUTH\77109814
_992739
790 1 _9z02700
_aBrejnev
_bL. I.
_4070
801 1 _aRU
_bNLR
_c20100130
801 0 _aRU
_bNLR
_gPSBO
852 _aNLR
_jП21 Д-2/85
942 _cBOOK
980 _aNB